000 00402nam a2200181Ia 4500
001 9167
005 20250626030151.0
008 211022s9999 xx 000 0 und d
020 _a0521380669
082 _a791.43 POA
100 _aPoague, Leland
245 0 _aAnother Frank Capra
260 _aCambridge
260 _bCambridge University Press
260 _c1994
300 _a286
942 _cBK
999 _c7880
_d7880